Tropas, feitiços, heróis e máquinas de cerco do Clash of Clans - Statistics

Estatísticas Gerais
  • Esse quiz foi jogado 40 vezes
    29 desde o último reset
  • A pontuação média é 37 de 112
Estatísticas das Respostas
Resposta % Correto
Arqueira
92%
Bárbaro
92%
Gigante
88%
Bruxa
76%
Corredor
76%
Dragão
76%
Balão
72%
Feitiço de Fúria
72%
Goblin
72%
Mago
72%
Feitiço de Cura
68%
Feitiço de Gelo
68%
Feitiço de Relâmpago
68%
Golem
68%
P.E.K.K.A
68%
Servo
68%
Feitiço de Esqueleto
64%
Feitiço de Veneno
64%
Bebê Dragão
60%
Feitiço de Morcego
60%
Rainha Arqueira
60%
Rei Bárbaro
60%
Dragão Elétrico
56%
Mineiro
56%
Válquiria
56%
Quebra-muros
48%
Destruidor de Muros
44%
Feitiço de Terremoto
44%
Golem de Gelo
44%
Lançador
44%
Feitiço de Aceleração
40%
Feitiço de Salto
40%
Grande Guardião
40%
Lava Hound
40%
Curadora
36%
Feitiço de Clone
36%
Superarqueira
36%
Superbárbaro
36%
Superdragão
36%
Yeti
36%
Bárbaro Furioso
32%
Bombardeiro
32%
Bruxa Sombria
32%
Campeã Real
32%
Dragão Infernal
32%
Supergigante
32%
Feitiço de Invisibilidade
28%
Supermago
28%
Superservo
28%
Caçadora de Heróis
24%
Gigante Boxeador
24%
Supercorredor
24%
Supervalquiria
24%
Aríete de Batalha
20%
Arqueira Sorrateira
20%
Dirigível Bélico
20%
Máquina de Batalha
20%
Superbruxa
20%
Supermineiro
20%
Unicórnio
20%
Feitiço de Cemitério
16%
Feitiço de Retorno
16%
Superdestruidor de Muros
16%
Superlançador
16%
Titã Elétrica
16%
Balão de Ossos
12%
Cão de Gelo
12%
Coruja Elétrica
12%
Fênix
12%
Lançador de Troncos
12%
L.A.S.S.I
12%
Servo Beta
12%
Balão-foguete
8%
Carrinho de Canhão
8%
Dragão Dirigível
8%
Goblin Ardiloso
8%
Golem da Montanha
8%
Peçonha
8%
P.E.K.K.A Poderosa
8%
Voador
8%
Domadores
4%
Guardião Aprendiz
4%
Helicóptero de Combate
4%
Horda de Servos
4%
Poderoso Iaque
4%
Quartel de Cerco
4%
Quebradora de Pedras
4%
Trabuco Flamejante
4%
Arqueiras Sorrateiras
0%
Balões-foguete
0%
Barris de Esqueletos
0%
Carrinho de Raide
0%
Escavadeira Bélica
0%
Feitiço de Aceleração Infinita
0%
Fortaleza Voadora
0%
Mago Piroelétrico
0%
Mega Sparky
0%
Morsa Glacial
0%
Pangolim Blindado
0%
Nenhum quiz correspondente encontrado
Distribuição das Pontuações
Porcentagem de Pessoas com Cada Pontuação
Percentil de Números Respondidos
Sua Pontuação Histórica
Você não jogou esse quiz desde o último reset